| 000 | 01019nam a22001937a 4500 | ||
|---|---|---|---|
| 999 |
_c59112 _d59112 |
||
| 003 | Ge_BSU | ||
| 005 | 20221128104226.0 | ||
| 008 | 221128s1975ge xxu||||| |||| 00| 0 geo d | ||
| 041 | _ageo | ||
| 080 | _a94(450) ს-96 | ||
| 100 |
_aსურგულაძე, ა. (აბელ) _916132 |
||
| 245 |
_aსამშობლოდან დაშორებით : _bქართველი მეომრები იტალიის განთავისუფლებისათვის ბრძოლაში / _cა. სურგულაძე ; რედ. ი. ტაბაღუა. |
||
| 264 |
_aბათუმი : _bსაბჭ. აჭარა, _c1975. |
||
| 300 |
_a118 გვ. ; _b16 სმ. |
||
| 520 | _aრეზ. რუს. ენ. | ||
| 653 | _aქართველები იტალიის განთავისუფლებისათვის ბრძოლაში. | ||
| 700 |
_aტაბაღუა, ი _eრედაქტორი _916133 |
||
| 942 |
_2udc _cBK |
||